[Event "Quebec-ch qual. 2"]
[Site "Montreal CAN"]
[Date "2002.05.26"]
[Round "4"]
[White "Moskvitch, Andrei"]
[Black "Gauthier, Denis"]
[Result "1-0"]
[WhiteElo "2196"]
[BlackElo "1943"]
[PlyCount "49"]
[EventDate "2002.05.24"]
[EventType "swiss"]
[EventRounds "5"]
[EventCountry "CAN"]

1. e4 d6 2. d4 Nf6 3. Nc3 g6 4. Bg5 Bg7 5. Qd2 c6 6. f4 O-O 7. Nf3 h6 8. Bh4 b5
9. e5 b4 10. Nd1 Nd5 11. c4 bxc3 12. Nxc3 Nxc3 13. bxc3 Bf5 14. Bd3 Bxd3 15.
Qxd3 Nd7 16. exd6 Bf6 17. Bxf6 Nxf6 18. dxe7 Qxe7+ 19. Ne5 c5 20. O-O cxd4 21.
cxd4 Nd5 22. f5 g5 23. Qh3 Kh7 24. Ng4 Qd6 25. f6 1-0

[Event "Quebec-ch qual. 2"]
[Site "Montreal CAN"]
[Date "2002.05.26"]
[Round "4"]
[White "Roy, Alain"]
[Black "Chabot, Roland"]
[Result "0-1"]
[WhiteElo "2162"]
[BlackElo "2081"]
[PlyCount "78"]
[EventDate "2002.05.24"]
[EventType "swiss"]
[EventRounds "5"]
[EventCountry "CAN"]

1. d4 Nf6 2. Nf3 d6 3. g3 Nbd7 4. Bg2 e5 5. dxe5 dxe5 6. O-O Bc5 7. c3 a5 8.
Qc2 O-O 9. Nbd2 Qe7 10. e4 b6 11. Nb3 Bd6 12. Nh4 g6 13. Bg5 Ba6 14. c4 Qe6 15.
Nd2 Bc5 16. Rad1 Kg7 17. Nf5+ gxf5 18. exf5 Qe8 19. Bc6 Qc8 20. Ne4 Bb7 21.
Bxd7 Nxd7 22. f6+ Kg8 23. Rd5 Bxd5 24. cxd5 Nb8 25. Nxc5 bxc5 26. Qe4 Qh3 27.
Re1 Qh5 28. Re3 Qxg5 29. d6 Na6 30. Rf3 cxd6 31. Rf5 Qg6 32. h4 Kh8 33. h5 Qh6
34. Kg2 Rad8 35. Kh3 Nc7 36. Kh4 Ne6 37. f4 exf4 38. g4 Rg8 39. Qd5 Nd4 0-1

[Event "Quebec-ch qual. 2"]
[Site "Montreal CAN"]
[Date "2002.05.26"]
[Round "5"]
[White "Arsenault, Nicolas"]
[Black "Moskvitch, Andrei"]
[Result "0-1"]
[WhiteElo "1986"]
[BlackElo "2196"]
[PlyCount "52"]
[EventDate "2002.05.24"]
[EventType "swiss"]
[EventRounds "5"]
[EventCountry "CAN"]

1. d4 d5 2. c4 e6 3. Nc3 c5 4. e3 Nf6 5. Nf3 a6 6. cxd5 exd5 7. Be2 Nc6 8. O-O
Bd6 9. b3 cxd4 10. Nxd4 O-O 11. Bb2 Re8 12. Nxc6 bxc6 13. Bf3 h5 14. Bxh5 Nxh5
15. Qxh5 Re6 16. g3 Rg6 17. Qf3 Bg4 18. Qg2 Qd7 19. Rfe1 Qf5 20. f4 Re8 21. Na4
c5 22. Rac1 Rge6 23. Qf2 d4 24. exd4 Re2 25. Rxe2 Rxe2 26. Qf1 Qd3 0-1

[Event "Quebec-ch qual. 2"]
[Site "Montreal CAN"]
[Date "2002.05.26"]
[Round "5"]
[White "Fillion, Steve"]
[Black "Plante, Michel"]
[Result "1-0"]
[WhiteElo "2131"]
[BlackElo "1956"]
[PlyCount "55"]
[EventDate "2002.05.24"]
[EventType "swiss"]
[EventRounds "5"]
[EventCountry "CAN"]

1. e4 e5 2. Nc3 Nf6 3. Nf3 d6 4. d4 Nbd7 5. Bc4 Be7 6. O-O O-O 7. Re1 c6 8. a4
b6 9. h3 a6 10. d5 c5 11. Bf1 Ne8 12. Be3 g6 13. Bh6 Ng7 14. Qd2 Nf6 15. Rad1
Kh8 16. Nxe5 dxe5 17. d6 Bb7 18. dxe7 Qxe7 19. Qd6 Rfe8 20. Bg5 Qxd6 21. Rxd6
Nfh5 22. Rxb6 Rab8 23. Rd1 Ne6 24. Rd7 Ba8 25. Rxb8 Rxb8 26. Bc1 Nd4 27. Rxf7
Nxc2 28. Bxa6 1-0

[Event "Quebec-ch qual. 2"]
[Site "Montreal CAN"]
[Date "2002.05.26"]
[Round "5"]
[White "Masse, Hugues"]
[Black "Mathieu, Jean Phillipe"]
[Result "1-0"]
[WhiteElo "2114"]
[BlackElo "1752"]
[PlyCount "79"]
[EventDate "2002.05.24"]
[EventType "swiss"]
[EventRounds "5"]
[EventCountry "CAN"]

1. e4 e5 2. Nc3 Nf6 3. Bc4 Bc5 4. d3 O-O 5. f4 exf4 6. Bxf4 d6 7. Nf3 Nc6 8.
Bg5 Ne5 9. Nxe5 dxe5 10. Nd5 Be7 11. Nxe7+ Qxe7 12. O-O Qc5+ 13. Kh1 Nxe4 14.
Bh4 Nd6 15. Be7 Qd4 16. Bxf8 Nxc4 17. dxc4 Kxf8 18. Qh5 Qxc4 19. Qxh7 f6 20.
Qh8+ Kf7 21. Qh5+ Kg8 22. Qe8+ Kh7 23. Rad1 Qg4 24. Rd8 Qe2 25. Qh8+ Kg6 26.
Rdd1 b6 27. Qe8+ Kh7 28. Qc6 Rb8 29. Rfe1 Qf2 30. Qf3 Qh4 31. Qd3+ Kh6 32. Qe3+
Qg5 33. Qxg5+ Kxg5 34. Rd8 Kf4 35. Rg8 g5 36. Rd1 e4 37. Rdd8 e3 38. Kg1 c5 39.
Rxc8 Rb7 40. Rcd8 1-0

[Event "Quebec-ch qual. 2"]
[Site "Montreal CAN"]
[Date "2002.05.26"]
[Round "5"]
[White "Vezeau, Patrice"]
[Black "Roy, Alain"]
[Result "0-1"]
[WhiteElo "1927"]
[BlackElo "2162"]
[PlyCount "44"]
[EventDate "2002.05.24"]
[EventType "swiss"]
[EventRounds "5"]
[EventCountry "CAN"]

1. d4 g6 2. e4 Bg7 3. Nc3 d6 4. Be3 c6 5. Qd2 Nf6 6. Bh6 Bxh6 7. Qxh6 Qa5 8.
Bd3 b5 9. Nf3 b4 10. Ne2 b3+ 11. Nc3 bxc2 12. O-O Qb4 13. e5 dxe5 14. dxe5 Nh5
15. Ne4 Ba6 16. Bxa6 Nxa6 17. Neg5 Nc5 18. e6 Nxe6 19. Nxe6 fxe6 20. Ne5 Qxb2
21. Rfe1 Rd8 22. Nxg6 Qxa1 0-1

[Event "RA Active ch"]
[Site "Ottawa CAN"]
[Date "2002.12.05"]
[Round "1"]
[White "Pacey, Kevin"]
[Black "Holmes, Mike"]
[Result "1-0"]
[WhiteElo "2267"]
[BlackElo "1742"]
[PlyCount "99"]
[EventDate "2002.12.05"]
[EventType "swiss"]
[EventRounds "6"]
[EventCountry "CAN"]

1. e4 c5 2. Nf3 Nc6 3. d4 cxd4 4. Nxd4 e5 5. Nb5 a6 6. Nd6+ Bxd6 7. Qxd6 Qf6 8.
Qd1 Qg6 9. Nc3 Nge7 10. h4 h5 11. Bg5 b5 12. Be2 Nd4 13. Qd3 f6 14. Be3 Nec6
15. Bxd4 Nxd4 16. O-O-O Bb7 17. Kb1 Rc8 18. Rc1 b4 19. Nd5 Nxe2 20. Qxe2 Bxd5
21. exd5 O-O 22. g3 d6 23. Rhd1 a5 24. Qa6 b3 25. axb3 Ra8 26. Qxd6 a4 27. b4
a3 28. b3 a2+ 29. Ka1 Rfc8 30. Qe6+ Kh8 31. c4 Re8 32. Qb6 Reb8 33. Qe3 e4 34.
b5 f5 35. Qd4 Ra3 36. Qb2 Qf6 37. Qxf6 gxf6 38. d6 Rxb3 39. d7 Rd8 40. Kxa2 Rf3
41. Rc2 Ra8+ 42. Kb2 Rd8 43. c5 f4 44. gxf4 Rxf4 45. c6 e3 46. fxe3 Rb4+ 47.
Kc3 Rxb5 48. c7 Rc5+ 49. Kb2 Rb5+ 50. Kc1 1-0

[Event "RA Active ch"]
[Site "Ottawa CAN"]
[Date "2002.12.05"]
[Round "1"]
[White "Requadt, Guenter"]
[Black "Veltmann, Alfred"]
[Result "0-1"]
[WhiteElo "1340"]
[BlackElo "1757"]
[PlyCount "50"]
[EventDate "2002.12.05"]
[EventType "swiss"]
[EventRounds "6"]
[EventCountry "CAN"]

1. d4 d5 2. Nf3 e6 3. e3 Nf6 4. c4 b6 5. a3 Bb7 6. Nc3 dxc4 7. Bxc4 c5 8. O-O
Nbd7 9. Ne5 Bd6 10. Nxd7 Nxd7 11. Bb5 O-O 12. Qa4 Nf6 13. f3 a6 14. Be2 b5 15.
Qc2 Qc7 16. f4 cxd4 17. exd4 Nd5 18. Nxd5 Qxc2 19. Ne3 Qxe2 20. Rf2 Qe1+ 21.
Rf1 Qh4 22. g3 Qf6 23. Nc2 Rac8 24. Rf2 Be4 25. Ne3 Qxd4 0-1

[Event "RA Active ch"]
[Site "Ottawa CAN"]
[Date "2002.12.05"]
[Round "2"]
[White "Bunning, Les"]
[Black "Pacey, Kevin"]
[Result "0-1"]
[WhiteElo "1841"]
[BlackElo "2267"]
[PlyCount "102"]
[EventDate "2002.12.05"]
[EventType "swiss"]
[EventRounds "6"]
[EventCountry "CAN"]

1. e4 c5 2. Nf3 d6 3. d4 cxd4 4. Nxd4 Nf6 5. Nc3 g6 6. Be3 Bg7 7. f3 O-O 8. Qd2
Nc6 9. O-O-O Be6 10. g4 Qa5 11. Nb3 Bxb3 12. cxb3 Nb4 13. Kb1 d5 14. a3 Nc6 15.
b4 Qd8 16. Nxd5 Nxd5 17. Qxd5 Qb8 18. Be2 Nd8 19. f4 Ne6 20. Rhf1 Rd8 21. Qb3
Nd4 22. Bxd4 Bxd4 23. h4 b5 24. f5 Qb6 25. fxg6 Qxg6 26. Bxb5 e6 27. Qf3 a5 28.
Bc6 Rab8 29. b5 Qg7 30. Qg2 Rdc8 31. Rd2 Rc7 32. g5 Be3 33. Rc2 Qe5 34. Rd1 Qf4
35. Qh2 e5 36. Qe2 Bd4 37. Qh2 Qe3 38. Re2 Qb3 39. Rxd4 Rxc6 40. Qxe5 Rcc8 41.
Rd5 Qh3 42. Rh2 Qf1+ 43. Ka2 Qc4+ 44. b3 Qc1 45. Qb2 Qf4 46. h5 Qxe4 47. Re5
Qd3 48. Rf2 Rxb5 49. Rxb5 Qxb5 50. h6 f6 51. Rxf6 Qd7 0-1

[Event "RA Active ch"]
[Site "Ottawa CAN"]
[Date "2002.12.05"]
[Round "2"]
[White "Veltmann, Alfred"]
[Black "Patterson, Roger"]
[Result "0-1"]
[WhiteElo "1757"]
[BlackElo "2139"]
[PlyCount "62"]
[EventDate "2002.12.05"]
[EventType "swiss"]
[EventRounds "6"]
[EventCountry "CAN"]

1. e4 e5 2. Nf3 Nc6 3. Bb5 a6 4. Ba4 Nf6 5. O-O b5 6. Bb3 Bc5 7. d3 d6 8. c3
Bg4 9. h3 Bh5 10. Bg5 h6 11. Be3 O-O 12. Nbd2 Bxe3 13. fxe3 d5 14. exd5 Nxd5
15. Qe1 Bg6 16. Bc2 Bh7 17. Qf2 Qd7 18. Ne1 f5 19. d4 e4 20. Bb3 Nce7 21. Nc2
a5 22. a3 Kh8 23. c4 Nb6 24. c5 Nbd5 25. a4 c6 26. Qe2 g5 27. Na3 f4 28. exf4
Nxf4 29. Qe3 Nf5 30. Qxe4 Rae8 31. Qf3 Qxd4+ 0-1

[Event "RA Active ch"]
[Site "Ottawa CAN"]
[Date "2002.12.12"]
[Round "3"]
[White "Glew, Richard"]
[Black "Veltmann, Alfred"]
[Result "1/2-1/2"]
[WhiteElo "1830"]
[BlackElo "1757"]
[PlyCount "120"]
[EventDate "2002.12.05"]
[EventType "swiss"]
[EventRounds "6"]
[EventCountry "CAN"]

1. e4 e5 2. Nf3 Nc6 3. Bb5 a6 4. Ba4 Nf6 5. O-O b5 6. Bb3 Be7 7. d4 O-O 8. Re1
d6 9. a4 Bg4 10. axb5 axb5 11. Rxa8 Qxa8 12. d5 Nd4 13. h3 Bxf3 14. gxf3 Nh5
15. c3 Nxb3 16. Qxb3 Qa4 17. Qxa4 bxa4 18. Na3 Rb8 19. Nc2 h6 20. Nb4 Bg5 21.
Bxg5 hxg5 22. Ra1 Ra8 23. Ra3 Nf6 24. b3 Nd7 25. bxa4 Nb8 26. a5 Na6 27. Nxa6
Rxa6 28. Kf1 Kf8 29. Ke2 Ke7 30. Kd3 Kd7 31. Kc4 c6 32. Kb4 Kc7 33. Ra1 Ra7 34.
Rg1 Rb7+ 35. Kc4 cxd5+ 36. exd5 Rb2 37. Rxg5 g6 38. Rg1 Kb7 39. Ra1 Ka6 40. Kd3
Rxf2 41. Ke3 Rh2 42. Rb1 Kxa5 43. Rb7 f5 44. Rd7 f4+ 45. Kd3 Rxh3 46. Rxd6
Rxf3+ 47. Kc4 Re3 48. Rxg6 Re4+ 49. Kc5 Re3 50. c4 f3 51. Rg8 Ka4 52. Rf8 Rd3
53. d6 e4 54. Kc6 Kb4 55. c5 Rd2 56. d7 Rxd7 57. Kxd7 Kxc5 58. Ke6 Kd4 59. Rf4
Ke3 60. Ke5 f2 1/2-1/2

[Event "RA Active ch"]
[Site "Ottawa CAN"]
[Date "2002.12.12"]
[Round "3"]
[White "Pacey, Kevin"]
[Black "Nezirovic, Ozren"]
[Result "1-0"]
[WhiteElo "2267"]
[BlackElo "2096"]
[PlyCount "72"]
[EventDate "2002.12.05"]
[EventType "swiss"]
[EventRounds "6"]
[EventCountry "CAN"]

1. d4 d6 2. e4 Nf6 3. Nc3 g6 4. f4 Bg7 5. Nf3 c5 6. dxc5 Qa5 7. Bd3 Qxc5 8. Qe2
Bg4 9. Be3 Qa5 10. O-O O-O 11. h3 Bxf3 12. Qxf3 Nc6 13. Kh1 Nd7 14. Bd2 Nc5 15.
a3 Nxd3 16. cxd3 e6 17. Rae1 Qb6 18. Rb1 a6 19. g4 f5 20. gxf5 exf5 21. Nd5 Qd8
22. Bc3 Ne7 23. Ba5 Qd7 24. e5 dxe5 25. Nxe7+ Qxe7 26. Bb4 Qd7 27. Bxf8 Rxf8
28. fxe5 Bxe5 29. Rfe1 Bb8 30. d4 Qd6 31. Re2 Qxd4 32. Qb3+ Kh8 33. Rd1 Qh4 34.
Qc3+ Kg8 35. Rd7 Qh6 36. Ree7 Rf6 1-0

[Event "RA Active ch"]
[Site "Ottawa CAN"]
[Date "2002.12.12"]
[Round "4"]
[White "Devenport, Martin"]
[Black "Pacey, Kevin"]
[Result "1/2-1/2"]
[WhiteElo "2242"]
[BlackElo "2267"]
[PlyCount "92"]
[EventDate "2002.12.05"]
[EventType "swiss"]
[EventRounds "6"]
[EventCountry "CAN"]

1. d4 Nf6 2. c4 g6 3. f3 c5 4. dxc5 Qa5+ 5. Nc3 Qxc5 6. e4 Bg7 7. Qd3 O-O 8.
Be3 Qa5 9. Qd2 Nc6 10. Bd3 d6 11. Nge2 Ne5 12. O-O Bd7 13. Rac1 Rfc8 14. b3
Nxd3 15. Qxd3 a6 16. Rfd1 Be8 17. Rc2 b5 18. cxb5 Bxb5 19. Nxb5 Rxc2 20. Qxc2
axb5 21. Rc1 b4 22. Nd4 Qxa2 23. Qxa2 Rxa2 24. Rc8+ Bf8 25. Bh6 Nd7 26. Nc6 f6
27. Nxe7+ Kf7 28. Bxf8 Nxf8 29. Nd5 Nd7 30. Rc7 Ke6 31. Nxb4 Rb2 32. Nc6 f5 33.
exf5+ gxf5 34. Nd4+ Kd5 35. Rxd7 Kxd4 36. Rxd6+ Ke3 37. Re6+ Kf4 38. Re7 Rxb3
39. h3 h6 40. Kh2 Kg5 41. Rg7+ Kf6 42. Rc7 Kg6 43. Kg3 Rb4 44. Rc6+ Kg7 45. f4
Rb2 46. Ra6 Rc2 1/2-1/2

[Event "RA Active ch"]
[Site "Ottawa CAN"]
[Date "2002.12.12"]
[Round "4"]
[White "Veltmann, Alfred"]
[Black "Chyurlia, Jerome"]
[Result "1/2-1/2"]
[WhiteElo "1757"]
[BlackElo "1818"]
[PlyCount "93"]
[EventDate "2002.12.05"]
[EventType "swiss"]
[EventRounds "6"]
[EventCountry "CAN"]

1. Nf3 c5 2. c4 Nc6 3. Nc3 d6 4. d4 cxd4 5. Nxd4 a6 6. e4 e6 7. Be3 Nf6 8. g4
e5 9. Nxc6 bxc6 10. Be2 h6 11. h4 Be7 12. Rg1 Nd7 13. h5 Nc5 14. Bxc5 dxc5 15.
Qxd8+ Kxd8 16. O-O-O+ Kc7 17. Rd3 Be6 18. b3 Rhd8 19. Kc2 Rd4 20. f3 Rad8 21.
Rgd1 Bc8 22. Bf1 Kb6 23. Ne2 Rxd3 24. Rxd3 Rg8 25. Nc3 Kc7 26. Na4 a5 27. Be2
Be6 28. Nc3 f6 29. Nd1 Bf7 30. Nf2 g6 31. hxg6 Bxg6 32. Nh3 h5 33. gxh5 Bxh5
34. Kd2 Rg2 35. Ke1 Bf8 36. Kf1 Rh2 37. Nf2 Rh4 38. Kg2 Bf7 39. Kg3 Rh5 40. Ng4
Rg5 41. Kf2 Be6 42. Rd1 Bd6 43. Rh1 f5 44. exf5 Bxf5 45. Rh6 Bxg4 46. fxg4 Kd7
47. Kf3 1/2-1/2

[Event "RA Active ch"]
[Site "Ottawa CAN"]
[Date "2002.12.19"]
[Round "5"]
[White "Dale, Stephen"]
[Black "Veltmann, Alfred"]
[Result "1-0"]
[WhiteElo "1930"]
[BlackElo "1757"]
[PlyCount "47"]
[EventDate "2002.12.05"]
[EventType "swiss"]
[EventRounds "6"]
[EventCountry "CAN"]

1. d4 d5 2. c4 e6 3. Nc3 Nf6 4. cxd5 exd5 5. Bg5 Be7 6. e3 Nbd7 7. Qc2 h6 8.
Bf4 c6 9. Bd3 Qa5 10. Nf3 c5 11. O-O c4 12. Bf5 Nf8 13. Rfe1 Be6 14. Ne5 b5 15.
Nc6 Qb6 16. Nxe7 Kxe7 17. Rad1 a6 18. e4 Rd8 19. Be5 N8d7 20. exd5 Nxe5 21.
Rxe5 Nxd5 22. Bxe6 fxe6 23. Qg6 Rhg8 24. Nxd5+ 1-0

[Event "RA Active ch"]
[Site "Ottawa CAN"]
[Date "2002.12.19"]
[Round "5"]
[White "Patterson, Roger"]
[Black "Pacey, Kevin"]
[Result "1-0"]
[WhiteElo "2119"]
[BlackElo "2267"]
[PlyCount "49"]
[EventDate "2002.12.05"]
[EventType "swiss"]
[EventRounds "6"]
[EventCountry "CAN"]

1. e4 e6 2. d4 b6 3. Nd2 Bb7 4. Bd3 Nf6 5. Ngf3 d5 6. e5 Ne4 7. Qe2 Nxd2 8.
Bxd2 Be7 9. h4 h6 10. Rh3 Qc8 11. Rc1 Qd7 12. h5 a6 13. Rg3 Bf8 14. b3 c5 15.
c3 Nc6 16. Be3 cxd4 17. Bxd4 Nxd4 18. Nxd4 b5 19. f4 b4 20. f5 bxc3 21. fxe6
fxe6 22. Rg6 O-O-O 23. Nxe6 Ba3 24. Rxc3+ Kb8 25. Rc7 1-0

[Event "RA Active ch"]
[Site "Ottawa CAN"]
[Date "2002.12.19"]
[Round "6"]
[White "Pacey, Kevin"]
[Black "De Kerpel, Stijn"]
[Result "0-1"]
[WhiteElo "2267"]
[BlackElo "1991"]
[PlyCount "80"]
[EventDate "2002.12.05"]
[EventType "swiss"]
[EventRounds "6"]
[EventCountry "CAN"]

1. e4 c5 2. Nf3 d6 3. d4 cxd4 4. Nxd4 Nf6 5. Nc3 a6 6. Bc4 e6 7. O-O b5 8. Bb3
Bb7 9. Re1 Nc6 10. Bg5 Nxd4 11. Qxd4 Be7 12. Rad1 Qc7 13. Rd3 Rd8 14. a4 b4 15.
Bxf6 gxf6 16. Ne2 a5 17. Qe3 h5 18. Nd4 Qc5 19. Qg3 Qg5 20. Qh3 Qg4 21. Qxg4
hxg4 22. Rg3 Rh4 23. f3 gxf3 24. gxf3 Kd7 25. Rg7 Rf8 26. Rd1 Rhh8 27. Rd2 Rfg8
28. Rxg8 Rxg8+ 29. Kf2 Ba6 30. Ne2 Bd8 31. Ng3 Bb6+ 32. Kg2 Ke7 33. Rd1 Be3 34.
Re1 Bd4 35. Rb1 Rc8 36. f4 Bb7 37. Kf3 f5 38. Bd5 Bxd5 39. exd5 Rxc2 40. Ne2
Bxb2 0-1

[Event "RA Active ch"]
[Site "Ottawa CAN"]
[Date "2002.12.19"]
[Round "6"]
[White "Tremblay, Benoit"]
[Black "Veltmann, Alfred"]
[Result "1-0"]
[WhiteElo "1426"]
[BlackElo "1757"]
[PlyCount "93"]
[EventDate "2002.12.05"]
[EventType "swiss"]
[EventRounds "6"]
[EventCountry "CAN"]

1. e4 e5 2. Bc4 Nf6 3. d3 Bc5 4. c3 Nc6 5. Nf3 d6 6. Nbd2 a6 7. Bb3 Bg4 8. Nc4
Qe7 9. Bc2 b5 10. Ne3 Bh5 11. Nf5 Qf8 12. d4 exd4 13. cxd4 Bb4+ 14. Bd2 g6 15.
d5 gxf5 16. dxc6 Bc5 17. exf5 Qe7+ 18. Qe2 Ng4 19. Qxe7+ Kxe7 20. O-O f6 21.
Rae1+ Ne5 22. Bb3 Bf7 23. Bxf7 Kxf7 24. Nxe5+ dxe5 25. Rc1 Bd4 26. Bc3 Rhd8 27.
g4 Rd5 28. Kg2 Bb6 29. Rfd1 Rad8 30. Rxd5 Rxd5 31. Kf3 a5 32. Ke2 b4 33. Bd2
Bd4 34. b3 Rd6 35. Be3 Bc3 36. Bh6 Ke7 37. Be3 Rxc6 38. Bd2 Kd7 39. Bxc3 bxc3
40. Kd3 c2 41. Rxc2 Rxc2 42. Kxc2 Kd6 43. Kd3 c6 44. f3 c5 45. h4 h6 46. g5
hxg5 47. h5 1-0

[Event "RA Autumn Frost"]
[Site "Ottawa CAN"]
[Date "2002.10.21"]
[Round "1"]
[White "Veltmann, Alfred"]
[Black "Van Dusen, Eric"]
[Result "1/2-1/2"]
[WhiteElo "1688"]
[BlackElo "1892"]
[PlyCount "101"]
[EventDate "2002.10.21"]
[EventType "swiss"]
[EventRounds "5"]
[EventCountry "CAN"]

1. Nf3 Nf6 2. g3 g6 3. Bg2 Bg7 4. c4 c5 5. O-O O-O 6. Nc3 Nc6 7. d3 d6 8. Bg5
e6 9. Qd2 Re8 10. e4 a6 11. Rfe1 Qc7 12. Rab1 Rb8 13. a4 Ng4 14. h3 Nge5 15.
Nxe5 Nxe5 16. b4 b6 17. b5 a5 18. g4 Bb7 19. f4 Nd7 20. f5 e5 21. f6 Nxf6 22.
Rf1 Nd7 23. Rf3 f6 24. Be3 Rf8 25. Rbf1 Rf7 26. h4 Rbf8 27. Bh3 Bh8 28. h5 g5
29. Ne2 Bg7 30. Ng3 Bc8 31. Nf5 h6 32. Qe2 Nb8 33. Qf2 Be6 34. Rc1 Qd7 35. Bf1
Kh7 36. Qg2 Rg8 37. Qd2 Bf8 38. Qc2 Bxf5 39. Rxf5 Bg7 40. Bg2 Qe7 41. Rcf1 Nd7
42. Qc1 Nf8 43. Kh2 Ne6 44. Qd1 Bh8 45. Bh3 Ng7 46. R5f2 Qe6 47. Qe2 Rff8 48.
Rg2 Qd7 49. Rg3 Ne6 50. Qd1 Nf4 51. Rf2 1/2-1/2

[Event "RA Autumn Frost"]
[Site "Ottawa CAN"]
[Date "2002.11.13"]
[Round "3"]
[White "Kuryliw, Ray"]
[Black "Veltmann, Alfred"]
[Result "1-0"]
[WhiteElo "1994"]
[BlackElo "1688"]
[PlyCount "37"]
[EventDate "2002.10.21"]
[EventType "swiss"]
[EventRounds "5"]
[EventCountry "CAN"]

1. e4 e5 2. Nc3 Nc6 3. f4 Nf6 4. Nf3 Bb4 5. fxe5 Bxc3 6. dxc3 Nxe4 7. Qd5 Nxc3
8. bxc3 O-O 9. Be2 Ne7 10. Qb3 d6 11. exd6 Qxd6 12. Ba3 c5 13. Rd1 Qc7 14. O-O
b6 15. Bb2 Nf5 16. Bc1 Qe7 17. Bd3 Be6 18. Bc4 Bxc4 19. Qxc4 1-0

[Event "RA Autumn Frost"]
[Site "Ottawa CAN"]
[Date "2002.11.21"]
[Round "4"]
[White "Requadt, Guenter"]
[Black "Veltmann, Alfred"]
[Result "0-1"]
[WhiteElo "1209"]
[BlackElo "1688"]
[PlyCount "58"]
[EventDate "2002.10.21"]
[EventType "swiss"]
[EventRounds "5"]
[EventCountry "CAN"]

1. d4 d5 2. Nf3 e6 3. e3 Nf6 4. c4 b6 5. Be2 Bb7 6. b3 Nbd7 7. O-O Be7 8. Nc3
c5 9. Qc2 O-O 10. Bb2 Re8 11. Rad1 Bf8 12. Rd2 a6 13. h3 Qc7 14. Bd3 dxc4 15.
Be2 cxb3 16. axb3 Rac8 17. Qd1 b5 18. dxc5 Bxc5 19. Nd4 Bb4 20. Rc2 Qa5 21. Qd3
Ne5 22. Ra1 Qxa1+ 23. Bxa1 Nxd3 24. Bxd3 Nd5 25. Nxd5 Bxd5 26. Rxc8 Rxc8 27.
Bb2 Bc3 28. Bxc3 Rxc3 29. Bc2 e5 0-1

[Event "RA Autumn Frost"]
[Site "Ottawa CAN"]
[Date "2002.11.28"]
[Round "5"]
[White "Veltmann, Alfred"]
[Black "Page, Peter"]
[Result "1-0"]
[WhiteElo "1688"]
[BlackElo "1419"]
[PlyCount "115"]
[EventDate "2002.10.21"]
[EventType "swiss"]
[EventRounds "5"]
[EventCountry "CAN"]

1. Nf3 d5 2. c4 dxc4 3. Qa4+ Bd7 4. Qxc4 e6 5. Nc3 Nf6 6. e4 Nc6 7. Bd3 Bd6 8.
Nb5 O-O 9. Bb1 Na5 10. Qd3 Bxb5 11. Qxb5 c6 12. Qe2 e5 13. b3 b5 14. O-O Qb6
15. Bb2 Rfe8 16. Bc3 b4 17. Bb2 Nd7 18. d3 Nb7 19. Nd2 Be7 20. Nc4 Qc7 21. Qh5
Nf6 22. Qxe5 Bd6 23. Qg5 Bxh2+ 24. Kh1 h6 25. Qh4 Bf4 26. g3 Bg5 27. Qh3 Nh7
28. f4 Bd8 29. Kg2 c5 30. Rh1 Qc6 31. Qg4 Qg6 32. Qxg6 fxg6 33. e5 Nf8 34. d4
cxd4 35. Bxd4 Kf7 36. Be4 Be7 37. Bxb7 Rab8 38. Bd5+ Ne6 39. Bxa7 Rbd8 40. Rhd1
Bf8 41. Rd3 Ke7 42. Rad1 Rd7 43. Bb6 Rc8 44. Bxe6 Rxd3 45. Rxd3 Kxe6 46. Rd8
Rxd8 47. Bxd8 Kf5 48. Kf3 h5 49. Bc7 Bc5 50. Nd6+ Ke6 51. Ke4 Kd7 52. Bb8 Ke6
53. f5+ gxf5+ 54. Nxf5 g6 55. Nd4+ Kd7 56. Kd5 Bb6 57. e6+ Ke8 58. Bd6 1-0

[Event "RA December Active"]
[Site "Ottawa CAN"]
[Date "2002.12.08"]
[Round "1"]
[White "Pacey, Kevin"]
[Black "Lavergne, Daniel"]
[Result "1-0"]
[WhiteElo "2267"]
[BlackElo "1673"]
[PlyCount "36"]
[EventDate "2002.12.08"]
[EventType "swiss (rapid)"]
[EventRounds "4"]
[EventCountry "CAN"]

1. e4 c5 2. Nf3 d6 3. d4 cxd4 4. Nxd4 Nf6 5. Nc3 a6 6. Bc4 e6 7. Be3 Qc7 8. Qe2
Be7 9. Bb3 Bd7 10. O-O-O e5 11. Nf5 Bxf5 12. exf5 Nc6 13. g4 O-O 14. g5 Nd4 15.
Rxd4 exd4 16. Bxd4 Ne8 17. f6 gxf6 18. Nd5 Qa5 1-0

[Event "RA December Active"]
[Site "Ottawa CAN"]
[Date "2002.12.08"]
[Round "2"]
[White "Nezirovic, Ozren"]
[Black "Pacey, Kevin"]
[Result "1/2-1/2"]
[WhiteElo "2080"]
[BlackElo "2267"]
[PlyCount "91"]
[EventDate "2002.12.08"]
[EventType "swiss (rapid)"]
[EventRounds "4"]
[EventCountry "CAN"]

1. e4 e6 2. d4 d5 3. e5 c5 4. c3 Nc6 5. Nf3 Qb6 6. Be2 cxd4 7. cxd4 Bb4+ 8. Kf1
Bd7 9. b3 Rc8 10. Bb2 Nh6 11. Nc3 Bxc3 12. Bxc3 Nxe5 13. Nxe5 Rxc3 14. Rc1 Qc7
15. Rxc3 Qxc3 16. g4 Ke7 17. h3 Rc8 18. Qd3 Qxd3 19. Bxd3 Rc1+ 20. Kg2 Rxh1 21.
Kxh1 g6 22. Kg1 f6 23. Nf3 Nf7 24. Nd2 e5 25. Kg2 exd4 26. f4 Nd6 27. Nf3 Bb5
28. Bxb5 Nxb5 29. a4 Nc7 30. Nxd4 Ne6 31. Ne2 Kd6 32. b4 b6 33. Kf3 a5 34. bxa5
bxa5 35. Nc3 Kc5 36. f5 Ng5+ 37. Kg3 gxf5 38. Kf4 fxg4 39. hxg4 Kc4 40. Nb5 Ne4
41. Ke3 Kb4 42. Nc7 Kxa4 43. Nxd5 Ng5 44. Nxf6 Kb3 45. Kf4 h6 46. Nd7 1/2-1/2

[Event "RA December Active"]
[Site "Ottawa CAN"]
[Date "2002.12.08"]
[Round "3"]
[White "Pacey, Kevin"]
[Black "Horvat, Miro"]
[Result "1-0"]
[WhiteElo "2267"]
[BlackElo "2042"]
[PlyCount "113"]
[EventDate "2002.12.08"]
[EventType "swiss (rapid)"]
[EventRounds "4"]
[EventCountry "CAN"]

1. e4 e6 2. d4 d5 3. Nc3 Nf6 4. Bg5 Bb4 5. e5 h6 6. Bd2 Bxc3 7. bxc3 Ne4 8. Qg4
g6 9. Bd3 Nxd2 10. Kxd2 Qe7 11. Nf3 c5 12. Rhb1 c4 13. Be2 Nc6 14. h4 h5 15.
Qf4 b6 16. Qg5 Qxg5+ 17. Nxg5 Bd7 18. Rh1 Ke7 19. Rh3 Raf8 20. Rah1 f6 21.
exf6+ Rxf6 22. Rf3 Rf5 23. Rxf5 gxf5 24. Nh3 Kf6 25. Nf4 Be8 26. Rh3 Bf7 27.
Bf3 Ne7 28. Rg3 Rh6 29. Rg5 Ng6 30. Nxh5+ Ke7 31. g3 b5 32. Ke3 a5 33. Nf4 Nxf4
34. Kxf4 b4 35. Ke5 bxc3 36. h5 Rh7 37. g4 fxg4 38. Bxg4 Rh6 39. f4 a4 40. a3
Kf8 41. Be2 Ke7 42. Rg3 Bxh5 43. Rh3 Rf6 44. Rxh5 Rg6 45. Rg5 Rh6 46. Bh5 Kf8
47. f5 exf5 48. Rxf5+ Kg7 49. Kxd5 Rb6 50. Kxc4 Rb2 51. Kxc3 Ra2 52. Rf3 Rxa3+
53. Kb2 Rxf3 54. Bxf3 Kf6 55. Ka3 Ke6 56. Kxa4 Kd6 57. c4 1-0

[Event "RA December Active"]
[Site "Ottawa CAN"]
[Date "2002.12.08"]
[Round "4"]
[White "Patterson, Roger"]
[Black "Pacey, Kevin"]
[Result "1/2-1/2"]
[WhiteElo "2119"]
[BlackElo "2267"]
[PlyCount "92"]
[EventDate "2002.12.08"]
[EventType "swiss (rapid)"]
[EventRounds "4"]
[EventCountry "CAN"]

1. e4 Nc6 2. d4 d5 3. Nc3 e5 4. Nxd5 Nxd4 5. c3 Ne6 6. Nf3 c6 7. Ne3 Qxd1+ 8.
Nxd1 f6 9. Bd3 Nc5 10. Bc2 Be6 11. Ne3 Ne7 12. Ke2 Nc8 13. b4 Nd7 14. Bb3 Bxb3
15. axb3 Nd6 16. Nd2 g6 17. Nec4 Nb5 18. Bb2 Bh6 19. Nf3 Ke7 20. Rhd1 b6 21.
Ne3 Bxe3 22. Kxe3 Ke6 23. c4 Nd6 24. Rd3 Rhd8 25. Rad1 Nf7 26. g3 Nf8 27. Rxd8
Rxd8 28. Rxd8 Nxd8 29. Nh4 Nb7 30. f4 a5 31. Bc3 axb4 32. Bxb4 Nd7 33. f5+ Kf7
34. fxg6+ hxg6 35. Nf3 c5 36. Bc3 Nf8 37. b4 Ne6 38. b5 Ke7 39. Be1 Ned8 40. h4
Nf7 41. Nd2 Na5 42. g4 Nh6 43. Kf3 Ke6 44. Bf2 Nf7 45. Ke3 Nd6 46. Kd3 Kf7
1/2-1/2